000 00264nam a22001217a 4500
008 170508b xxu||||| |||| 00| 0 eng d
041 _aeng
080 _24 ED
_a34
100 _a15
101 _aSHJ
245 _aTECHUING TORTS
_cJOHNSON.V,.R
942 _2udc
_cBK
999 _c13038
_d13038